The business of media : Corporate media and the public interest. / (Record no. 5579)
[ view plain ]
| 000 -LEADER | |
|---|---|
| fixed length control field | 03107cam a2200325 a 4500 |
| 001 - CONTROL NUMBER | |
| control field | 13892603 |
| 003 - CONTROL NUMBER IDENTIFIER | |
| control field | OSt |
| 005 - DATE AND TIME OF LATEST TRANSACTION | |
| control field | 20210414114450.0 |
| 008 - FIXED-LENGTH DATA ELEMENTS--GENERAL INFORMATION | |
| fixed length control field | 050308s2006 cau b 001 0 eng |
| 010 ## - LIBRARY OF CONGRESS CONTROL NUMBER | |
| LC control number | 2005006493 |
| 020 ## - INTERNATIONAL STANDARD BOOK NUMBER | |
| International Standard Book Number | 9781412913157 |
| 040 ## - CATALOGING SOURCE | |
| Original cataloging agency | DLC |
| Transcribing agency | DLC |
| Modifying agency | DLC |
| 050 00 - LIBRARY OF CONGRESS CALL NUMBER | |
| Classification number | P96.E25.C76 |
| 082 00 - DEWEY DECIMAL CLASSIFICATION NUMBER | |
| Classification number | 338.4/70223 |
| Edition number | 22 |
| 100 1# - MAIN ENTRY--PERSONAL NAME | |
| Personal name | Croteau, David. |
| 245 14 - TITLE STATEMENT | |
| Title | The business of media : Corporate media and the public interest. / |
| Statement of responsibility, etc. | David Croteau. |
| 250 ## - EDITION STATEMENT | |
| Edition statement | 2nd ed. |
| 260 ## - PUBLICATION, DISTRIBUTION, ETC. | |
| Place of publication, distribution, etc. | London : |
| Name of publisher, distributor, etc. | Pine Forge Press, |
| Date of publication, distribution, etc. | 2006. |
| 300 ## - PHYSICAL DESCRIPTION | |
| Extent | xv, 315p. : |
| Dimensions | 23 cm. |
| 500 ## - GENERAL NOTE | |
| General note | Includes bibliographical references, index and appendix. |
| 505 ## - FORMATTED CONTENTS NOTE | |
| Formatted contents note | Contents: Introduction: The new media industry and old dilemma: 21st-century media -- The lessons of failure -- Media in a democratic society -- Plan for the book -- Profits and the public interest: Theoretical and historical context -- Media, markets, and the public sphere: The market model -- The public sphere model -- Why media are different from other industries -- The tradition of civic responsibility -- The public interest -- Conflicting logics -- The rise and (De) regulation of the media industry: The changing business of media and regulation -- The growth of media -- The evolution of media -- Media policy and the public interest -- Industry structure and corporate strategy: Explaining the rise of media conglomerates -- The new media giants: Changing industry structure: Making sense of mergers -- Structural trends in the media industry -- Interpreting structural changes -- Strategies of the new media giants: The case of titanic -- Strategies of the new media giants -- Beyond market strategies: The specter of monopolies -- Conclusion -- Neglecting the public interest: Media conglomerates and the public sphere -- How business strategy shapes media content: Considering the public interest -- Homogenization and imitation -- Trivialization and sensationalism -- Media constraint I: Commercial interests -- Media constraint II: Censorship and conflict of interest -- Conclusion -- How the media business influences society: Social influences -- Political influences -- The special role of news media -- Conclusion -- Choosing the future: Citizens, policy, and the public interest -- Regulatory policy and the public interest -- Media and public policy -- Public policy and public broadcasting -- Journalism as a profession -- Citizen activism and alternative media -- The limits of media, the importance of media. |
| 650 #0 - SUBJECT ADDED ENTRY--TOPICAL TERM | |
| Topical term or geographic name entry element | Mass media |
| General subdivision | Economic aspects. |
| 700 1# - ADDED ENTRY--PERSONAL NAME | |
| Personal name | Hoynes, William. |
| 856 41 - ELECTRONIC LOCATION AND ACCESS | |
| Materials specified | Table of contents only |
| Uniform Resource Identifier | <a href="http://www.loc.gov/catdir/toc/ecip059/2005006493.html">http://www.loc.gov/catdir/toc/ecip059/2005006493.html</a> |
| 856 42 - ELECTRONIC LOCATION AND ACCESS | |
| Materials specified | Publisher description |
| Uniform Resource Identifier | <a href="http://www.loc.gov/catdir/enhancements/fy0657/2005006493-d.html">http://www.loc.gov/catdir/enhancements/fy0657/2005006493-d.html</a> |
| 856 42 - ELECTRONIC LOCATION AND ACCESS | |
| Materials specified | Contributor biographical information |
| Uniform Resource Identifier | <a href="http://www.loc.gov/catdir/enhancements/fy0734/2005006493-b.html">http://www.loc.gov/catdir/enhancements/fy0734/2005006493-b.html</a> |
| 906 ## - LOCAL DATA ELEMENT F, LDF (RLIN) | |
| a | 7 |
| b | cbc |
| c | orignew |
| d | 1 |
| e | ecip |
| f | 20 |
| g | y-gencatlg |
| 942 ## - ADDED ENTRY ELEMENTS (KOHA) | |
| Source of classification or shelving scheme | Library of Congress Classification |
| Koha item type | Books |
| Withdrawn status | Lost status | Source of classification or shelving scheme | Damaged status | Not for loan | Home library | Current library | Shelving location | Date acquired | Total Checkouts | Full call number | Barcode | Date last seen | Price effective from | Koha item type |
|---|---|---|---|---|---|---|---|---|---|---|---|---|---|---|
| Library of Congress Classification | WISCONSIN INTERNATIONAL UNIVERSITY COLLEGE, GHANA - MAIN LIBRARY | WISCONSIN INTERNATIONAL UNIVERSITY COLLEGE, GHANA - MAIN LIBRARY | Reference | 29/06/2015 | P96.E25.C76 | 7869/296/15 | 29/06/2015 | 29/06/2015 | Books |
